01367nab a22002297a 4500999001500000003000400015005001700019008004100036040000700077100002900084245032900113300001300442500003800455505030100493505007200794650002800866650005800894650002900952650003500981773010801016942001301124 c6256d6256OSt20260128020758.0190514b xxu||||| |||| 00| 0 spa d cPJ 96967aCédola, Agustina13aEl consentimiento informado de niños, niñas y adolescentes privados de cuidados parentales /b El consentimiento informado de niños, ninteracción entre el Código Civil y Comercial y la ley 26.529 sobre derechos del paciente en su relación con los profesionales e instituciones de la salud /cAgustina Cédola.  ap. 63-75 aCita: TR LALEY AR/DOC/2503/2025.  aSumario: I. Introducción.— II. El deber alimentario derivado del matrimonio en el Cód. Civ. y Com.— III. La cuestión de los alimentos en el marco de las uniones convivenciales.— IV. Violencia económica y perspectiva de género: interacciones con la ley 26.485.— V. Conclusión.  tSi te interesa el texto, comunicate a koha@justierradelfuego.gov.ar 09967aDERECHO DE FAMILIA 092741aDERECHOS DE LAS NIÑAS, NIÑOS Y ADOLESCENTES 091253aDERECHO A LA SALUD 094273aCONSENTIMIENTO INFORMADO0 0284493222dBuenos Aires : AbeledoPerrot, 1989-tDerecho de familia. N° 122 - Noviembre 2025z18511201 2udccANA